| 000 | 01156cam a22003617a 4500 | ||
|---|---|---|---|
| 003 | CHAP | ||
| 005 | 20230726114546.0 | ||
| 008 | 081015s2001 mx a r 00010 spa d | ||
| 010 | _a83525 | ||
| 011 | _a84497 | ||
| 020 | _a0672312921 | ||
| 035 | _a95017 | ||
| 040 | _cCHAP | ||
| 082 | 0 | 4 |
_a005.7565 _bC34 2000 |
| 100 | 0 | 0 |
_aCassel, Paul. _919863 |
| 245 | 1 | 0 |
_aAprendiendo Microsoft Access 2000 en 21 días _c/por Paul Cassel y Pamela Palmer |
| 260 |
_aMéxico, D.F. : _bPrentice Hall, _c2000 |
||
| 300 |
_axvii, 808 p. : _bilus. |
||
| 590 |
_aBATCH-UPD _b10 _c20130110 |
||
| 590 |
_aBATCH-UPD _b10 _c20130110 |
||
| 590 |
_aBATCH-UPD _b10 _c20130410 |
||
| 590 |
_aBATCH-UPD _b10 _c20130913 |
||
| 590 |
_aCONVERSION _b10 _c20130109 |
||
| 650 | 1 | 7 |
_aMicrosoft Access _9413 |
| 650 | 1 | 4 |
_aAlmacenamiento y recuperación de la información. _94462 |
| 650 | 1 | 4 |
_aLenguajes de programación. _965989 |
| 650 | 1 | 4 |
_aMicrosoft (Programación) _975541 |
| 700 | 0 |
_aPalmer, Pamela. _984997 |
|
| 901 | _aBK | ||
| 905 | _aMayto Villalobos S. | ||
| 942 |
_cLIBRO _2ddc |
||
| 949 |
_a005.3 C3 _bBC _cLIBRO _d33724000816609 _eLIBRO _gI.210236 _h99612 _i95017 _si _t$307.00 |
||
| 999 |
_c83525 _d83525 |
||